01017nam a2200241Ia 4500003000400000005001700004008004100021040002100062041000800083082002700091100003000118245004700148250002100195260007000216300006100286490003700347505023700384650002500621650002700646650002500673650003900698650003800737OSt20200626170509.0191128s1977 mx ad gr 000 0 spa d aCO-JMCRcCO-JMCR0 aspa04a330.156 / bP922i 2231 aPrebisch, Raúl, eautor10aIntroducción a Keynes /cRaúl Prebisch aCuarta edición aMéxico : bFondo de Cultura Económica, reimpresión, c1977. a133 páginas : bgráficos a blanco y negro ; c20 cm.0 aSección de obras de economía0 aLa propensión a consumir y la teoría del multiplicador -- La eficiencia del capital y la tasa de interés -- La conjunción del ahorro con las inversiones -- Significado teórico y proyecciones sociales del esquema keynesiano14aPolítica monetaria24aEconomía keynesiana 24aCiclos económicos 24aKeynes, John Maynard, y1883-194624aEconomía política xTeorías